Normal view
MARC view
Entry Personal Name
001 - CONTROL NUMBER
- control field: 15259
003 - CONTROL NUMBER IDENTIFIER
- control field: dpl
005 - DATE AND TIME OF LATEST TRANSACTION
- control field: 20100819151945.0
008 - FIXED-LENGTH DATA ELEMENTS
- fixed length control field: 100819|||a|||||| | ||| d
040 ## - CATALOGING SOURCE
- Original cataloging agency: dpl
- Transcribing agency: dpl
100 ## - HEADING--PERSONAL NAME
- Personal name: Bosco, S. John
670 ## - SOURCE DATA FOUND
- Source citation: Work cat.: (dpl)42572: Bosco, S. John, Search for indentity in ''their eyes were watching god'' /, 2009
670 ## - SOURCE DATA FOUND
- Source citation: Work cat.: (dpl)42572: Bosco, S. John, Search for indentity in ''their eyes were watching god'' /, 2009
